[Event "Teplice op 8th"]
[Site "Teplice"]
[Date "2013.06.21"]
[Round "7"]
[White "Cenek, Miroslav"]
[Black "Jensen, Leif Haugaard"]
[Result "0-1"]
[WhiteElo "1878"]
[BlackElo "2029"]
[PlyCount "144"]
[EventDate "2013.06.15"]
[EventType "swiss"]
[EventRounds "9"]
[EventCountry "CZE"]
[SourceTitle "CBM 155 Extra"]
[Source "ChessBase"]
[SourceDate "2013.08.26"]
[SourceVersion "1"]
[SourceVersionDate "2013.08.26"]
[SourceQuality "1"]

1. d4 d5 2. c4 c6 3. Nc3 Nf6 4. Nf3 e6 5. Bg5 Nbd7 6. e3 Qa5 7. c5 b6 8. cxb6 axb6 9. Bd3 Bb4 10. 0-0 Bxc3 11. bxc3 Ba6 12. Bxa6 Qxa6 13. Qc2 0-0 14. Nd2 b5 15. e4 Qa4 16. Qd3 dxe4 17. Nxe4 Nxe4 18. Qxe4 Qc4 19. Rfc1 Qd5 20. Qxd5 exd5 21. Rc2 Rfe8 22. Kf1 f6 23. Bf4 Nb6 24. Bd6 Re6 25. Bc5 Na4 26. Bb4 Rae8 27. Rcc1 Kf7 28. Re1 h5 29. Rxe6 Rxe6 30. Re1 g5 31. f3 f5 32. g3 g4 33. Rxe6 Kxe6 34. f4 Nb6 35. Ke2 Nd7 36. Ke3 Nf6 37. Ba5 Ne4 38. Bb4 Kf7 39. Ke2 Ke6 40. Ke3 Nf6 41. Kf2 Ng8 42. Ke3 Nh6 43. Kf2 Nf7 44. Ke3 Nh8 45. Kf2 Ng6 46. Ba5 h4 47. Ke3 h3 48. Bb4 Nh8 49. Ke2 Nf7 50. Ke3 Nh6 51. Kf2 Ng8 52. Kg1 Nf6 53. Bc5 Ne4 54. Bb4 Kd7 55. Ba5 Kc8 56. Bb4 Kb7 57. Ba5 Ka6 58. Bb4 Kb6 59. a3 c5 60. dxc5+ Nxc5 61. Kf1 Ne4 62. Kg1 Kc6 63. Kf1 Nd2+ 64. Kg1 Nf3+ 65. Kh1 d4 66. cxd4 Nxd4 67. Be7 Kd5 68. Kg1 Kc4 69. Kh1 Kb3 70. Kg1 Nc2 71. Kf2 Nxa3 72. Bf6 Nc4 0-1

[Event "Teplice op 7th"]
[Site "Teplice"]
[Date "2012.06.19"]
[Round "4"]
[White "Rubes, Jan"]
[Black "Cenek, Miroslav"]
[Result "1-0"]
[WhiteElo "2109"]
[BlackElo "1895"]
[PlyCount "61"]
[EventDate "2012.06.16"]
[EventType "swiss"]
[EventRounds "9"]
[EventCountry "CZE"]
[SourceTitle "CBM 149 Extra"]
[Source "ChessBase"]
[SourceDate "2012.08.24"]
[SourceVersion "1"]
[SourceVersionDate "2012.08.24"]
[SourceQuality "1"]

1. d4 d5 2. c4 e6 3. Nc3 Nf6 4. Bg5 Be7 5. cxd5 exd5 6. e3 0-0 7. Qc2 c6 8. Bd3 h6 9. Bh4 Be6 10. Nge2 Nh5 11. Bxe7 Qxe7 12. 0-0-0 Nd7 13. h3 f5 14. Rdg1 Nhf6 15. Nf4 Qd6 16. Nxe6 Qxe6 17. Bxf5 Qd6 18. g4 Nb6 19. g5 hxg5 20. Rxg5 Rf7 21. h4 Nc4 22. h5 Ne8 23. Rg6 Rf6 24. h6 Rxg6 25. Bxg6 Qf6 26. Bh7+ Kf8 27. Ne4 Qf3 28. Rg1 gxh6 29. Nd2 Nxd2 30. Qc5+ Kf7 31. Bg8+ 1-0

[Event "Teplice op 6th"]
[Site "Teplice"]
[Date "2011.06.13"]
[Round "3"]
[White "Cenek, Miroslav"]
[Black "Dusbaba, Karel"]
[Result "0-1"]
[WhiteElo "1903"]
[BlackElo "2089"]
[PlyCount "86"]
[EventDate "2011.06.11"]
[EventType "swiss"]
[EventRounds "9"]
[EventCountry "CZE"]
[SourceTitle "CBM 142 Extra"]
[Source "ChessBase"]
[SourceDate "2011.06.27"]
[SourceVersion "1"]
[SourceVersionDate "2011.06.27"]
[SourceQuality "1"]

1. e4 d6 2. d4 g6 3. Nc3 Bg7 4. f4 f5 5. Nf3 fxe4 6. Nxe4 Nf6 7. Bd3 0-0 8. 0-0 Bg4 9. c3 Nxe4 10. Bxe4 d5 11. Qb3 e6 12. Bd3 Bxf3 13. Rxf3 b6 14. Be3 Qd6 15. Re1 c5 16. Bb1 Nc6 17. Qa3 Qc7 18. dxc5 d4 19. cxd4 Nxd4 20. Bxd4 Bxd4+ 21. Kh1 Bxc5 22. Qb3 Rxf4 23. Qxe6+ Kh8 24. Rxf4 Qxf4 25. Qe5+ Qxe5 26. Rxe5 Rd8 27. Re1 Rd2 28. b3 Kg7 29. Rf1 h5 30. g3 g5 31. h3 Rb2 32. g4 h4 33. Bd3 Rxa2 34. Re1 Bd6 35. Re2 Ra3 36. Re6 Bf4 37. Bc4 b5 38. Bxb5 Rxb3 39. Bc4 Rxh3+ 40. Kg2 Rg3+ 41. Kf2 Rxg4 42. Re7+ Kf8 43. Rxa7 Bg3+ 0-1

[Event "Teplice op 3rd"]
[Site "Teplice"]
[Date "2008.06.16"]
[Round "3"]
[White "Cenek, Miroslav"]
[Black "Ledvina, Jiri"]
[Result "1-0"]
[WhiteElo "2018"]
[BlackElo "1886"]
[PlyCount "87"]
[EventDate "2008.06.14"]
[EventType "swiss"]
[EventRounds "9"]
[EventCountry "CZE"]
[SourceTitle "CBM 125 Extra"]
[Source "ChessBase"]
[SourceDate "2008.09.01"]
[SourceVersion "1"]
[SourceVersionDate "2008.09.01"]
[SourceQuality "1"]

1. d4 d5 2. c4 e6 3. Nc3 Be7 4. Nf3 Nf6 5. Bg5 c6 6. e3 h6 7. Bh4 Nbd7 8. Bd3 c5 9. 0-0 0-0 10. Rc1 b6 11. Re1 Bb7 12. Qb3 Rc8 13. Qc2 Re8 14. cxd5 Nxd5 15. Bxe7 Rxe7 16. Nb5 Ra8 17. Nd6 Rb8 18. Bb5 Ba8 19. e4 Nc7 20. Bxd7 Rxd7 21. dxc5 bxc5 22. e5 Rxd6 23. exd6 Qxd6 24. Red1 Nd5 25. Qe4 Rc8 26. b4 Qf4 27. Qxf4 Nxf4 28. Rxc5 Rb8 29. b5 Bd5 30. a4 g5 31. Ne1 Bb3 32. Ra1 Bd5 33. f3 h5 34. Kf2 g4 35. Rac1 Kg7 36. Rb1 Ba2 37. Rb2 Bd5 38. Rd2 Kf6 39. Nd3 Nxg2 40. Kxg2 gxf3+ 41. Kf2 Rg8 42. Nf4 Ke5 43. Nxd5 Rg2+ 44. Ke3 1-0

[Event "Teplice op 2nd"]
[Site "Teplice"]
[Date "2007.06.19"]
[Round "5"]
[White "Knize, Vaclav"]
[Black "Cenek, Miroslav"]
[Result "1-0"]
[WhiteElo "1982"]
[BlackElo "2029"]
[PlyCount "71"]
[EventDate "2007.06.16"]
[EventType "swiss"]
[EventRounds "9"]
[EventCountry "CZE"]
[SourceTitle "CBM 118 Extra"]
[Source "ChessBase"]
[SourceDate "2007.07.04"]
[SourceVersion "1"]
[SourceVersionDate "2007.07.04"]
[SourceQuality "1"]

1. d4 Nf6 2. c3 d5 3. Nf3 e6 4. Bg5 Be7 5. e3 0-0 6. Nbd2 Nbd7 7. Qc2 h6 8. Bh4 b6 9. Bd3 Bb7 10. e4 dxe4 11. Nxe4 Nxe4 12. Bxe7 Qxe7 13. Bxe4 Bxe4 14. Qxe4 c5 15. 0-0-0 Nf6 16. Qe2 Rfd8 17. h3 Rac8 18. Kb1 Nd5 19. Ka1 a5 20. g4 g6 21. h4 a4 22. a3 cxd4 23. Nxd4 Qf8 24. Nc2 Qg7 25. Rd3 Nf4 26. Rxd8+ Rxd8 27. Qe3 g5 28. hxg5 hxg5 29. Qxb6 Qf8 30. Qa5 f6 31. Nd4 Rd5 32. Qc7 Qg7 33. Qc8+ Kf7 34. Rh8 f5 35. gxf5 exf5 36. Qe8+ 1-0